Gaming Quiz

Random Gaming or Letter Quiz

8-Letter Pokémon (Gen. 3) (Picture Click) Quiz Stats

 Plays Quiz not verified by Sporcle

Score 0/31 Timer 05:00
0 Plays Today
% Correct
Sceptile
76.9%
Blaziken
74.2%
Swampert
74.2%
Ludicolo
64%
Pelipper
62.5%
Medicham
60.6%
Makuhita
60.2%
Meditite
60.2%
Hariyama
59.5%
Lunatone
58.7%
Camerupt
58.3%
Regirock
58.3%
Shedinja
57.2%
Delcatty
57.2%
Nosepass
56.8%
Zangoose
56.8%
% Correct
Sharpedo
55.3%
Vigoroth
54.9%
Rayquaza
53.8%
Corphish
53.4%
Carvanha
53%
Illumise
52.3%
Barboach
51.9%
Whiscash
51.1%
Dusclops
51.1%
Trapinch
50.8%
Cacturne
50.4%
Gorebyss
50.4%
Castform
48.1%
Clamperl
47.7%
Chimecho
47.3%

You're not logged in!

Compare scores with friends on all Sporcle quizzes.
Join for Free
OR
Log In

You Might Also Like...

Show Comments

Extras

Top Quizzes Today


Score Distribution

Your Account Isn't Verified!

In order to create a playlist on Sporcle, you need to verify the email address you used during registration. Go to your Sporcle Settings to finish the process.

Report this User

Report this user for behavior that violates our Community Guidelines.

Details: